Comercio de peces ornamentales en Colombia (Registro nro. 16404)
[ vista simple ]
| 000 -CABECERA | |
|---|---|
| Campo de control | 007940000a22002650004500 |
| 090 ## - CLASIFICACIÓN LOCAL | |
| Colección | SERIADAS |
| 044 ## - PAÍS DE PUBLICACIÓN | |
| País de publicación | |
| 041 0# - IDIOMA | |
| Código de idioma para texto/pista de sonido o título separado | |
| 100 1# - ASIENTO PRINCIPAL--NOMBRE PERSONAL | |
| Nombre personal | Mancera Rodríguez, Néstor |
| 245 10 - MENCION DE TITULO | |
| Título | Comercio de peces ornamentales en Colombia |
| 653 ## - TERMINO DE INDIZACION - NO CONTROLADO | |
| -- | Paracheirodon axelrodi |
| 653 ## - TERMINO DE INDIZACION - NO CONTROLADO | |
| -- | Corydoras |
| 653 ## - TERMINO DE INDIZACION - NO CONTROLADO | |
| -- | Otocinclus |
| 653 ## - TERMINO DE INDIZACION - NO CONTROLADO | |
| -- | Paracheirodon innesi |
| 653 ## - TERMINO DE INDIZACION - NO CONTROLADO | |
| -- | Hemigrammus astrongi |
| 653 ## - TERMINO DE INDIZACION - NO CONTROLADO | |
| -- | Hemigrammus rhodostomus |
| 700 1# - ASIENTO SECUNDARIO - NOMBRE PERSONAL | |
| Nombre personal | Alvarez León, Ricardo |
| 773 1# - Item fuente: | |
| Título | Acta Biológica Colombiana |
| Descripción física | 1 |
| Paginas del Articulo | 23-52 |
| Lugar, editorial y fecha de publicación | 2008 |
| Información sobre la relación | 13 |
| 942 ## - ELEMENTOS ADICIONALES (KOHA) | |
| Tipo de ítem | Artículo |
No hay ítems disponibles.